000 00537nam a2200193Ia 4500
003 GCL
008 140319s9999 xx 000 0 ara d
040 _aGCL /
_cGCL
082 0 4 _a372.64
_bع ط
100 1 _aعبدالرزاق جعفر
245 1 0 _aالطفل والكتاب /
_cعبدالرزاق جعفر
260 _a[S.N] :
_bدار الجيل ،
_c1992
300 _a255
490 _a
650 0 4 _aالتربية
650 0 4 _aتعليم الاطفال
650 0 4 _aعلم النفس التربوى
942 _2ddc
_cBK
999 _c55229
_d55229